000 00788nam a2200253 a 4500
001 BRL_128
005 20190320210612.0
008 830118s1948 fr-af#####---#000-0aeng-#
041 _aeng
044 _afr
050 4 _aND553.M3
_b.P35 1948
245 1 0 _aPaintings and drawings of Matisse
_cwith a critical survey of Jean Cassou.
260 _aParís
_bBraun
_bTudor
_c1948
300 _a1 v. (sin paginación)
_bil. (algunas a color), 24 láminas
_c28 cm.
440 0 _aThe masters of colour
_922983
500 _aIncluye índice de láminas
500 _aEstado físico: Camisa deteriorada
500 _aAu182
600 1 4 _aMatisse, Henri
_d1869-1954
_922984
650 1 4 _aPintores franceses
_97726
700 1 _aCassou, Jean
_d1897-1986
_922985
902 _aGRL
942 _2lcc
_cB
999 _c8941
_d8941